000 01412nam a2200397 i 4500
001 197623
003 ES-MaACL
005 20250805062652.0
007 ta
008 980415s1997 sp | ||| ||spa
016 7 _abimoBNE19980727893
_2SpMaBN
017 _aM 7780-1997
_bOficina Depósito Legal Madrid
020 _a8487317561
024 7 _a304-97-001-5
_2nipo
035 _a(OCoLC)636837765
035 _a(SpMaBN)bimo0000833296
035 _a991036001209708606
040 _aSpMaBN
_bspa
_cSpMaBN
_erdc
080 _a7.034(4)(064.3)
080 _a159.931/.936(0:7)
245 0 4 _aLos cinco sentidos y el arte :
_b[exposición]
260 _a[Madrid]
_bMuseo del Prado
_c1997
300 _a397 páginas
_bprincipalmente ilustraciones
_c29 cm
336 _2rdacontent
_atexto
337 _2rdamedia
_asin mediación
338 _2rdacarrier
_avolumen
650 7 _aArte-
_vExposiciones
_9156054
650 7 _aSentidos-
_xEn el arte
_2embne
_9240981
710 2 _aMuseo Nacional del Prado
_9160001
852 _aES-MaACL
_cDEPO1
_jA-15711
_hDonación: Fernando Codina Rodríguez
_xEncuadernación rústica con solapas
_9206069
903 _aCodina Rodríguez, Fernando
_ednr
_9238631
942 _n0
_cMONOGRAFIA
999 _c197623
_d197623